000 00491nam a2200181Ia 4500
008 230524s9999 xx 000 0 und d
020 _a9789380578767
082 _bKAM
100 _aS.Kamakshaiah
245 0 _aElectrical Mesurments and Mesuring Instruments
250 _a1
260 _aNew Delhi
_bI.K.International
_c2015
300 _a"XIX,517p;"
500 _aQuantity Number: 1
650 _aElectrical
700 _a"Pannala Krishna Murthy,& J.Amarnath"
_943016
942 _cBK
999 _c57959
_d57959